La mirada cualitativa en sociología: una aproximación interpretativa

Uloženo v:
Podrobná bibliografie
Hlavní autor: Alonso, Luis Enrique (Autor)
Médium: Kniha
Jazyk:španělština
Vydáno: Madrid Fundamentos 1998
Vydání:1a. ed
Edice:Colección Ciencia. Serie Sociología
Témata:
Tagy: Přidat tag
Žádné tagy, Buďte první, kdo vytvoří štítek k tomuto záznamu!

MARC

LEADER 00000cam a2200000 a 4500
001 UCO2409
003 CL-VaPUC
008 000602e19980000SP |||||||||||||||||spa|d
020 |a 8424507762 
082 0 4 |a 301  |b ALO  |2 21 
100 0 |a Alonso, Luis Enrique  |e author  |9 445550 
245 1 3 |a La mirada cualitativa en sociología: una aproximación interpretativa 
250 |a 1a. ed 
300 |a 268 p 
942 |c BK 
945 |d 20000602 00:00:00  |a rbrito 
260 |a Madrid  |b Fundamentos  |c 1998 
650 0 |a Sociología   |9 255410 
583 |a last modification  |c 20160506 02:36:42  |k Rodrigo Vera 
490 0 |a Colección Ciencia. Serie Sociología 
999 |c 288920  |d 288918 
952 |0 0  |1 0  |4 0  |6 301_000000000000000_ALO_1998  |7 0  |8 A  |9 336908  |a BIBEDU  |b BIBEDU  |d 2019-11-20  |i 3622460  |o 301 ALO 1998  |p 3622460  |r 2019-11-20  |w 2019-11-20  |y BK  |k CIT 
952 |0 0  |1 0  |3 erb  |4 0  |6 301_000000000000000_ALO_1998  |7 0  |8 A  |9 336909  |a BIBGIM  |b BIBGIM  |i 5285941  |o 301 ALO 1998  |p 5285941  |r 2025-01-15  |w 2019-11-20  |y BK  |z Catalogado en:20160512  |k SSL 
952 |0 0  |1 0  |3 erb  |4 0  |6 301_000000000000000_ALO_1998  |7 0  |8 A  |9 336910  |a BIBGIM  |b BIBGIM  |i 5285933  |o 301 ALO 1998  |p 5285933  |r 2025-01-15  |w 2019-11-20  |y BK  |z Catalogado en:20160512  |k SSL 
952 |0 0  |1 0  |3 erb  |4 0  |6 301_000000000000000_ALO_1998  |7 0  |8 A  |9 336911  |a BIBGIM  |b BIBGIM  |i 5285925  |o 301 ALO 1998  |p 5285925  |r 2025-01-15  |w 2019-11-20  |y BK  |z Catalogado en:20160512  |k SSL